000 00335nam a22001457a 4500
008 230630b ||||| |||| 00| 0 eng d
020 _a9780321969163
041 _aeng
080 _2SIXTH EDITION
_a51
082 _a51LIA
100 _a23
101 _aMATE
245 _aBEGINNING AND INTERMEDIATE ALGEBRA
_cLIAL
942 _2udc
_cBK
999 _c60067
_d60067